Meilleures expressions de bousillage - Statistiques

Statistiques générales
  • Ce quiz a été pris 6 fois
  • Le résultat moyen est 6 sur 9
Statistiques - réponses
Hint Réponse % Correct
démontage démonte
100%
bousillage bousille
83%
explose explose
83%
gaspillage gaspille
83%
remplissage remplis
83%
destruction détruit
67%
pilonnage pilone
50%
sale salis
50%
bouilloire bouillis
33%
Aucun quiz correspondant
Distribution des résultats
% des personnes avec chaque résultat
Percentile par nombre de réponses
Votre historique - résultats
Vous n’avez pas pris ce quiz